000 00874cam a2200265 a 4500
008
020 _a1779220618 (pbk.)
049 _aMAIN
090 _aS627.T4
_bSOP
100 1 _aSoper, Robert.
245 1 4 _aThe terrace builders of Nyanga /
_cRobert Soper.
260 _aHarare :
_bWeaver Press,
_c2006.
300 _avi, 82 p. :
_bill., maps, plans ;
_c24 cm.
504 _aIncludes bibliographical references.
650 0 _aNyanga (African people)
_xAntiquities.
650 0 _aNyanga (African people)
_xAgriculture
_xHistory.
650 0 _aTerracing
_zZimbabwe
_zInyanga Region.
650 0 _aExcavations (Archaeology)
_zZimbabwe
_zInyanga Region.
651 0 _aZimbabwe
_xAntiquities.
907 _a.b10269708
_b06-10-10
_c14-10-09
003
005 20230123125050.0
040 _cNUST
942 _cBOOKS
_kS627.T4
_mSOP
999 _c135103
_d135103